000 00535nam a2200181Ia 4500
003 GCL
008 140319s9999 xx 000 0 ara d
040 _aGCL /
_cGCL
082 0 4 _a811.009
_bام
100 1 _aالياس عشى
245 1 0 _aمشاهير الادب فى سؤال وجواب: ابونواس /
_cالياس عشى
260 _a[S.N] :
_bدار الكتاب اللبنانى ،
_c1973
300 _a79 ص
490 _a
650 0 4 _aالشعر العربى
650 0 4 _aالادب العربى
942 _2ddc
_cBK
999 _c29346
_d29346